| 000 | 00484nam a22001697a 4500 | ||
|---|---|---|---|
| 005 | 20251108172453.0 | ||
| 008 | 250721s9999 xx 000 0 ara d | ||
| 082 | 1 | 4 | _a741/خلي |
| 100 | 1 |
_aخليفة، حلمي _eمعد |
|
| 245 | 1 | 0 | _aالرسم والتلوين على القماش / |
| 264 | 1 |
_aالدمام : _bدار الراوي للنشر والتوزيع، |
|
| 300 | _a60ص. | ||
| 650 | 1 | 7 | _aالرسم |
| 650 | 1 | 7 | _aالقماش |
| 942 |
_2ddc _cBK |
||
| 999 |
_c80154 _d80154 |
||